| 000 | 00406nam a2200133Ia 4500 | ||
|---|---|---|---|
| 008 | 151021s9999 xx 000 0 und d | ||
| 050 | _aSB 484 .K4 .N47 1992 | ||
| 245 | _a_Wetlands of kenya Proceedings of a seminar on wetlands of kenya S.A.Crafter | ||
| 260 | _aKenya IUCN 1992 | ||
| 300 | _avii,183p. | ||
| 650 | _a_Wetlands in kenya | ||
| 700 | _a_S.G.Njuguna | ||
| 980 | _a^d20111014 11:46:48^oanne | ||
| 999 |
_c7254 _d7254 |
||